Największe miasto bez flagi w każdym województwie - Statystyki

Ogólne statystyki
  • Ten quiz został rozwiązany 5 razy
  • Średni wynik to 5 z 16
Statystyki odpowiedzi
Miasto Województwo Populacja % Poprawnych
Radom mazowieckie 193,777
100%
Augustów podlaskie 28,995
75%
Ostrowiec Świętokrzyski świętokrzyskie 59,247
75%
Świdnica dolnośląskie 53,423
75%
Tychy śląskie 121,063
50%
Chełmno kujawsko-pomorskie 18,052
25%
Gostyń wielkopolskie 20,023
25%
Pisz warmińsko-mazurskie 17,672
25%
Radzyń Podlaski lubelskie 14,452
25%
Kęty małopolskie 17,669
0%
Łęczyca łódzkie 13,971
0%
Nowogard zachodniopomorskie 15,549
0%
Nowogród Bobrzański lubuskie 5,134
0%
Otmuchów opolskie 6,179
0%
Pruszcz Gdański pomorskie 32,093
0%
Sędziszów Małopolski podkarpackie 12,423
0%
Nie znaleziono quizów pasujących do podanych kryteriów
Rozkład punktacji
Procent ludzi z każdym wynikiem
Percentyl według liczby udzielonych odpowiedzi
Twoja historia wyników
Nie rozwiązałeś tego quizu